Factors affecting consumer attitudes towards food products with sustainable attributes

Faktory ovplyvňujúce postoje spotrebiteľov k udržateľným potravinám. Výsledky empirickej analýzy a ich význam pre marketingovú stratégiu producentov a programy vzdelávania a informácií na podporu udržateľnej spotreby.

Salvato in:
Dettagli Bibliografici
Autore principale: Annunziata, Azzurra
Altri autori: Scarpato, Debora
Natura: Capitolo di libro
Lingua:inglese
Soggetti:
Tags: Aggiungi Tag
Nessun Tag, puoi essere il primo ad aggiungerne!!

MARC

LEADER 00000naa a2200000 4500
001 0193410
005 20231211071611.3
041 0 |a eng 
044 |a CZ 
245 1 0 |a Factors affecting consumer attitudes towards food products with sustainable attributes  |c Azzurra Annunziata, Debora Scarpato 
520 |a Faktory ovplyvňujúce postoje spotrebiteľov k udržateľným potravinám. Výsledky empirickej analýzy a ich význam pre marketingovú stratégiu producentov a programy vzdelávania a informácií na podporu udržateľnej spotreby. 
610 2 0 |a potraviny 
610 2 0 |a produkcia 
610 2 0 |a spotreba potravín 
610 2 0 |a spotreba udržateľná 
610 2 0 |a správanie spotrebiteľa 
610 2 0 |a analýza empirická 
100 1 |a Annunziata, Azzurra 
700 1 |a Scarpato, Debora